| 000 | 01001nam a2200193 a 4500 | ||
|---|---|---|---|
| 008 | 120416s1989 ||||||||||||||||| || u | ||
| 020 | _a0075539802 | ||
| 050 | _aHB 172 Sch | ||
| 100 | _aSchiller, Bradley R | ||
| 245 | 1 | 4 | _aThe Micro economy today (4th ed.) |
| 250 | _a4th ed. | ||
| 260 |
_aNew York _bMcGraw-Hill _c1989 |
||
| 300 | _axvi, 531p. : ill. | ||
| 350 | _a0.00 | ||
| 995 |
_aMAIN LIBRARY OPEN ACCESS _D0.00 _e001732 _FCBU-MAIN LIBRARY (Kitwe) _H1 _I34.00 _jHB 172 Sch _M3 _UAVAILABLE _y001732 _ZMain Library Open Access Collection |
||
| 995 |
_aBINDERY (DAMAGED) _D0.00 _e001733 _FCBU-MAIN LIBRARY (Kitwe) _H3 _I34.00 _jHB 172 Sch _M4 _UDAMAGED _y001733 _ZMain Library Open Access Collection |
||
| 995 |
_aBINDERY (DAMAGED) _D0.00 _e725798 _FCBU-MAIN LIBRARY (Kitwe) _H2 _I34.00 _jHB 172 Sch _M2 _UDAMAGED _y001731 _ZMain Library Open Access Collection |
||
| 995 |
_aMAIN LIBRARY OPEN ACCESS _D0.00 _e725797 _FCBU-MAIN LIBRARY (Kitwe) _H4 _I34.00 _jHB 172 Sch _M1 _UAVAILABLE _y001730 _ZMain Library Open Access Collection |
||
| 999 |
_c82896 _d82896 |
||